Capitales Europeas - Ahorcado #5 - Estadísticas

Estadísticas generales
  • Esta prueba ha sido intentada 315 veces
  • La puntuación promedio es 3 de 5
Estadísticas de respuestas
Respuesta % Correcto
#1 A
100%
8 A
100%
9 A
97%
#3 A
96%
#4 A
92%
#1 Í
92%
5 A
90%
5 A
90%
6 A
85%
#4 Í
85%
6 E
81%
#1 P
79%
#1 R
79%
#2 O
77%
#4 O
77%
#4 S
77%
8 I
76%
#3 E
75%
#1 S
75%
6 R
73%
7 I
72%
#4 F
69%
#2 M
69%
#3 I
64%
5 P
62%
#2 S
62%
#2 Ú
62%
#3 N
61%
#3 V
61%
5 G
57%
7 M
56%
6 B
54%
#2 C
54%
6 N
50%
5 R
48%
8 V
44%
8 L
40%
8 N
40%
7 S
28%
7 K
22%
7 N
22%
9 D
10%
9 U
7%
9 V
7%
9 Z
7%
No se encontraron pruebas coincidentes
Distribución de puntuación
Porcentaje de gente con cada puntuación
Porcentaje por número respondido
Historial de tus puntuaciones
No has intentado esta prueba.